| 000 | 01170nam a22003257a 4500 | ||
|---|---|---|---|
| 001 | BR8402302 | ||
| 003 | BR-BrBNA | ||
| 005 | 20230928091917.0 | ||
| 007 | ta | ||
| 008 | 230509b bl.||||| |||| 00| 0 por d | ||
| 040 |
_aBR-BrBNA _bpor _cBiblioteca Nacional de Agricultura |
||
| 041 | _a(Por) | ||
| 072 |
_aF30 _b0120 |
||
| 090 | _ 0120 BR8402302 | ||
| 100 | 1 | _aMoran, J.F.A. | |
| 110 | 1 |
_aEscola Superior de Agricultura Luiz de Queiroz, Piracicaba, SP (Brasil) _0Dissertacao (Mestre em Agronomia) |
|
| 245 | 1 | _aAvaliacao do potencial genetico de linhagens e respectivos testadores obtidos de duas populacoes de milho (Zea mays L.) | |
| 246 | 1 | _aEvaluation of the genetic potential of inbred lines and relevant testers obtained from two populations of maize (Zea mays L.) | |
| 260 | 3 |
_aPiracicaba, SP (Brasil): _c1984. |
|
| 300 | _a118 p. | ||
| 500 | _a17 illus.; Summaries (Eng, Por); Bibliography p. 89-105 (136 ref.) | ||
| 650 | _aMILHO HIBRIDO | ||
| 650 | _aLINHAGEM | ||
| 650 | _aGENOTIPO | ||
| 650 | _aFENOTIPO | ||
| 650 | _aTESTE DE PROGENIE | ||
| 650 | _aCARACTERISTICAS AGRONOMICAS | ||
| 909 |
_a202309 _bLucia _c55 _dLucia Elande |
||
| 942 | _cBK | ||
| 999 |
_c36159 _d36159 |
||